000 00826nam a2200241 i 4500
003 SA-RiAUC
005 20250828045935.0
008 250822s1993 su g 000r0dara c
040 _aSA-RiAUC
_bara
_cSA-RiAUC
_erda
082 0 4 _a920
090 _a920
_bا ب و ز
100 1 _aأبو زيد، بكر بن عبد الله،
_d1365-1429 هجري
_eمؤلف.
245 1 2 _aالنظائر /
_cبكر بن عبد الله أبو زيد.
250 _aالطبعة الأولى.
264 1 _aالرياض :
_bدار العاصمة،
_c1993.
300 _a371 صفحة ؛
_c24 سم
336 _aنص
_btxt
_2rdacontent
_3كتاب
337 _aبدون وسيط
_bn
_2rdamedia
338 _aمجلد
_bnc
_2rdacarrier
650 7 _aتراجم
_2aucsh
942 _2ddc
_cBOOK
_n0
949 _aSA-JeALM
_d250822
_umohamedma123
_n1
999 _c11216
_d11216